[Event "Punta del Este Alekhine op 3rd"]
[Site "Punta del Este"]
[Date "2024.06.15"]
[Round "3"]
[White "Popov, Mark"]
[Black "Genta, Alejandro"]
[Result "0-1"]
[WhiteElo "1926"]
[BlackElo "2079"]
[PlyCount "76"]
[EventDate "2024.06.14"]
[EventType "swiss"]
[EventRounds "5"]
[EventCountry "URU"]
[SourceTitle "CBM 220 Extra"]
[Source "ChessBase"]
[SourceDate "2024.07.31"]
[SourceVersion "1"]
[SourceVersionDate "2024.07.31"]
[SourceQuality "1"]

1. d4 Nf6 2. Nf3 e6 3. Bg5 h6 4. Bxf6 Qxf6 5. e3 c5 6. c3 Nc6 7. Nbd2 d5 8. Bd3 Bd6 9. Qe2 0-0 10. Bc2 Re8 11. e4 cxd4 12. exd5 Ne5 13. Ne4 Nxf3+ 14. gxf3 Qf4 15. Rg1 Kf8 16. Rg4 Qxh2 17. 0-0-0 exd5 18. Qd3 dxe4 19. Rxe4 Rxe4 20. fxe4 dxc3 21. e5 cxb2+ 22. Kb1 Qxe5 23. Qh7 Rb8 24. f4 Qxf4 25. Re1 Be6 26. Qh8+ Ke7 27. Qxg7 Rc8 28. Qg2 Qc4 29. Qxb7+ Kf8 30. Qxb2 Qxa2+ 31. Qxa2 Bxa2+ 32. Kb2 Be6 33. Rh1 Be5+ 34. Kb1 Rc6 35. Rf1 Ra6 36. Ba4 Rxa4 37. Rf3 h5 38. Rf2 Ra1+ 0-1

[Event "Punta del Este Alekhine op 3rd"]
[Site "Punta del Este"]
[Date "2024.06.14"]
[Round "1"]
[White "Popov, Mark"]
[Black "Bossi, Hugo"]
[Result "1-0"]
[WhiteElo "1926"]
[BlackElo "1599"]
[PlyCount "99"]
[EventDate "2024.06.14"]
[EventType "swiss"]
[EventRounds "5"]
[EventCountry "URU"]
[SourceTitle "CBM 220 Extra"]
[Source "ChessBase"]
[SourceDate "2024.07.31"]
[SourceVersion "1"]
[SourceVersionDate "2024.07.31"]
[SourceQuality "1"]

1. d4 Nf6 2. c4 c5 3. d5 d6 4. Qc2 g6 5. e4 Bg7 6. Nc3 0-0 7. h3 Ne8 8. Bd3 Na6 9. a3 Nac7 10. Nf3 Bd7 11. 0-0 Qc8 12. Bf4 e5 13. Bg5 f6 14. Bh4 Rf7 15. b4 b6 16. bxc5 dxc5 17. a4 Nd6 18. Nb5 Bxb5 19. axb5 a6 20. bxa6 Nxa6 21. Qa4 Rfa7 22. Qc6 Qd8 23. Rfb1 Nb4 24. Rxb4 Rxa1+ 25. Rb1 Rxb1+ 26. Bxb1 Nxc4 27. Bd3 Na5 28. Qe6+ Kh8 29. Nxe5 Ra7 30. Nf7+ Rxf7 31. Qxf7 c4 32. Bc2 Nb3 33. e5 Qf8 34. Qxf8+ Bxf8 35. Bxf6+ Kg8 36. d6 Kf7 37. d7 Be7 38. d8Q Bxd8 39. Bxd8 Ke6 40. f4 Nd4 41. Bb1 b5 42. Kf2 Nc6 43. Bb6 b4 44. Ke3 c3 45. Ba2+ Ke7 46. Bc5+ Kd7 47. Bc4 Na5 48. Bb5+ Ke6 49. Bxb4 c2 50. Bd2 1-0

[Event "Montevideo Duchamp Cup 5th"]
[Site "Montevideo"]
[Date "2022.02.13"]
[Round "3"]
[White "Popov, Mark"]
[Black "Baratta, Daniel"]
[Result "1-0"]
[WhiteElo "1758"]
[BlackElo "1198"]
[PlyCount "91"]
[EventDate "2022.02.12"]
[EventType "swiss"]
[EventRounds "9"]
[EventCountry "URU"]
[SourceTitle "CBM 206 Extra"]
[Source "ChessBase"]
[SourceDate "2022.03.31"]
[SourceVersion "1"]
[SourceVersionDate "2022.03.31"]
[SourceQuality "1"]

1. Nf3 Nf6 2. c4 g6 3. Nc3 Bg7 4. d4 0-0 5. e4 d6 6. Be3 Nbd7 7. Qd2 c5 8. d5 Nb6 9. Bh6 e5 10. Bxg7 Kxg7 11. h4 h5 12. Be2 Bg4 13. Ng5 Bxe2 14. Qxe2 Qd7 15. f3 Nh7 16. g4 Nxg5 17. hxg5 hxg4 18. fxg4 Rh8 19. 0-0-0 Rxh1 20. Rxh1 Rh8 21. Rf1 a6 22. b3 Rh3 23. Kc2 Qe7 24. Rf6 Nd7 25. Qg2 Rh7 26. Rf3 Qxg5 27. Nd1 Nf6 28. Qf2 Rh4 29. Ne3 Rh1 30. Kd3 Qh4 31. Qe2 Rh2 32. Qf1 Rh1 33. Qe2 Rh2 34. Qf1 Qg5 35. Ng2 Qxg4 36. Rxf6 Rh3+ 37. Ne3 Qh4 38. Rxf7+ Kh6 39. Rf8 Rxe3+ 40. Kxe3 Qg5+ 41. Kd3 Qg3+ 42. Qf3 Qe1 43. Qe3+ Qxe3+ 44. Kxe3 Kg5 45. Rd8 Kg4 46. Rxd6 1-0

[Event "URU-chTB"]
[Site "Uruguay"]
[Date "2017.07.08"]
[Round "2.2"]
[White "Campopiano, Julio"]
[Black "Popov, Mark"]
[Result "1/2-1/2"]
[WhiteElo "1759"]
[BlackElo "1885"]
[PlyCount "53"]
[EventDate "2017.07.07"]
[EventType "team-swiss"]
[EventRounds "5"]
[EventCountry "URU"]
[SourceTitle "EXT 2018"]
[Source "ChessBase"]
[SourceDate "2017.10.13"]
[SourceVersion "1"]
[SourceVersionDate "2017.10.13"]
[SourceQuality "1"]
[WhiteTeam "Paysandu II"]
[BlackTeam "Udelar"]
[WhiteTeamCountry "URU"]
[BlackTeamCountry "URU"]

1. c4 e5 2. Nc3 Nc6 3. g3 g6 4. Bg2 Bg7 5. d3 Nge7 6. e3 d6 7. Nge2 Bd7 8. 0-0 0-0 9. Rb1 Qc8 10. b4 Bh3 11. b5 Bxg2 12. Kxg2 Nb8 13. e4 Nd7 14. Be3 f5 15. Nd5 Nxd5 16. cxd5 f4 17. gxf4 exf4 18. Nxf4 Rf7 19. Ne6 Bh8 20. f4 Nf8 21. Ng5 Re7 22. h3 b6 23. Qg4 Qe8 24. f5 h5 25. Qf3 gxf5 26. Qxf5 a6 27. a4 1/2-1/2